000 01726nam a22003377a 4500
003 OSt
005 20260319114130.0
007 a
008 260319b |||||||| |||| 00| 0 eng d
020 _a9780876332429 (pma cloth)
020 _a9780300189254 (yale cloth)
040 _aFoundation University
_beng
_cFoundation University
_dFULib
_erda
050 _aN 6853.D8
_b.2012 D35
245 0 0 _aDancing around the Bride :
_bCage, Cunningham, Johns, Rauschenberg, and Duchamp /
_cedited by Carlos Basualdo and Erica F. Battle; with essay by Calvin Tomkins, text selection by Reinaldo Laddaga, and chronology by Paul B. Franklin.
260 _aPhiladelphia, USA :
_bPhiladelphia Museum of Art,
_c2012.
264 _42012.
300 _3resource
_a432 pages :
_billustrations (some color) ;
_c23 cm.
_fvolume
336 _2rdacontent
_atext
_btxt
337 _2rdamedia
_aunmediated
_bn
338 _2rdacarrier
_3resource
_avolume
_bnc
500 _aPublished on the occasion of the exhibition Dancing around the Bride: Cage, Cunningham, Johns, Rauschenberg, and Duchamp, Philadelphia Museum of Art, October 30, 2012–January 21, 2013, Barbican Art Gallery, London, February 14–June 9, 2013.
504 _aIncludes bibliographical references.
600 _aDuchamp, Marcel,
_d1887-1968
_915393
600 _aDuchamp, Marcel,
_d1887-1968
_xFriends and associates.
_915394
650 _2LC
_aArt, American
_y20th century.
_912594
650 _2LC
_aArts
_vExperimental methods.
_915395
658 _aFine Arts, Bachelor of :
_bArt Theory ;
_cFA335, FA336
700 _aBasualdo, Carlos,
_eeditor
_915396
700 _aBattle, Erica F.,
_eeditor
_915397
942 _2lcc
_cBK
_hN 6853.D8
_i.2012 D35
_k(DAFA-FA)
_n0
999 _c5701
_d5701